| 000 | 00583nam a2200229Ia 4500 | ||
|---|---|---|---|
| 003 | OSt | ||
| 005 | 20230503154556.0 | ||
| 008 | 210423s2010 xx 000 0 und d | ||
| 020 | _a978-0-470-46206-5 | ||
| 040 | _cAL | ||
| 041 | _aeng | ||
| 082 |
_a615.9 _223 _bHODT |
||
| 100 |
_aHODGSON (Ernest) _997314 |
||
| 245 | _aTextbook of modern toxicology Ed 4 | ||
| 250 | _a4 | ||
| 260 |
_aNew Jersey _bWiley and Sons _c2010 |
||
| 300 |
_axxiv,638 _bHB |
||
| 365 |
_b10080.95 _cUSD |
||
| 650 |
_aToxicology _997315 |
||
| 906 | _amodern ; Textbook ; toxicology | ||
| 942 |
_2ddc _cBK |
||
| 999 |
_c171016 _d171016 |
||